| 000 | 00581nam a22002297a 4500 | ||
|---|---|---|---|
| 003 | UA-OsUOA | ||
| 001 | 47154 | ||
| 007 | ta | ||
| 008 | 20070712b un ||||| |||| 00| 0 ukr d | ||
| 100 | _aКарсавина Т.П. | ||
| 090 |
_a7.071.2 _bК26 |
||
| 942 | _cBK | ||
| 040 |
_aUA-OsUOA _brus _cUA-OsUOA _dUA-OsUOA |
||
| 245 | _aТеатральная улица | ||
| 300 | _a243 с. | ||
| 955 | _a4 | ||
| 041 | _arus | ||
| 080 | _a7.071.2 | ||
| 260 |
_aЛенинград _c1971 |
||
| 650 | 7 |
_a7.0 Загальні питання мистецтва _2UDC |
|
| 999 |
_c333251 _d333251 |
||